| 000 | 00510nam a2200181Ia 4500 | ||
|---|---|---|---|
| 003 | OSt | ||
| 005 | 20200622101505.0 | ||
| 008 | 190216s9999||||xx |||||||||||||| ||und|| | ||
| 020 | _a9780195646320 | ||
| 040 | _coclc | ||
| 082 |
_a954.025 _bHAB/A |
||
| 100 |
_aHabib, Irfan _92538 |
||
| 245 | 0 |
_aAkbar And His India / _cIrfan Habib |
|
| 260 |
_bOxford University Press, _c2011. _aNew Delhi: |
||
| 300 | _a315p | ||
| 650 | _aHistory | ||
| 942 |
_cBK _2ddc _h954.025 _iHAB/A _k954.025 _mHAB/A |
||
| 999 |
_c21444 _d21444 |
||